<?xml version="1.0" encoding="UTF-8"?>
<collection xmlns="http://www.loc.gov/MARC21/slim">
  <record>
    <leader>00000nam  2200000   4500</leader>
    <controlfield tag="001">INLIS000000000005217</controlfield>
    <controlfield tag="005">20190426115033</controlfield>
    <datafield tag="035" ind1="#" ind2="#">
      <subfield code="a">0010-0419000177</subfield>
    </datafield>
    <controlfield tag="007">ta</controlfield>
    <controlfield tag="008">190426################g##########0#ind##</controlfield>
    <datafield tag="020" ind1="#" ind2="#">
      <subfield code="a">8799793464527</subfield>
    </datafield>
    <datafield tag="082" ind1="#" ind2="#">
      <subfield code="a">330</subfield>
    </datafield>
    <datafield tag="084" ind1="#" ind2="#">
      <subfield code="a">330 Hov g</subfield>
    </datafield>
    <datafield tag="100" ind1=" " ind2="#">
      <subfield code="a">Hovey, Craig</subfield>
    </datafield>
    <datafield tag="245" ind1="1" ind2="#">
      <subfield code="a">Teh Complete Ideal's Guides: Global Economics /</subfield>
      <subfield code="c">Craig Hovey</subfield>
    </datafield>
    <datafield tag="250" ind1="#" ind2="#">
      <subfield code="a">Ed.1 Cet.1</subfield>
    </datafield>
    <datafield tag="260" ind1="#" ind2="#">
      <subfield code="a">Jakarta :</subfield>
      <subfield code="b">Prenada,</subfield>
      <subfield code="c">2009</subfield>
    </datafield>
    <datafield tag="300" ind1="#" ind2="#">
      <subfield code="a">xii, 210 hlm :</subfield>
      <subfield code="b">ilus ;</subfield>
      <subfield code="c">23 cm</subfield>
    </datafield>
    <datafield tag="700" ind1=" " ind2="#">
      <subfield code="a">Rehmke Gregory</subfield>
    </datafield>
    <datafield tag="520" ind1="#" ind2="#">
      <subfield code="a">Kita kian banyak mendengar masalah-masalah globalisasi dan ekonomi ketimbang biasanya. Diantara lompatan-lompatan besar teknologi, mudahnya komunikasi dan majunya transportasi, dan temuan-temuan besar lainya, isu ekonomi dan globalisasi kian mengunci hubungan antar negara dan bangsa dalam kepentingan bersama yang tak terelakkanbaik beruoa barang, jasa, apalagi keuangan. Buku ini sebagai buku-buku seri The Complete Ideal's Guides lainnya, akan memperjelas dan mempermudah pemahaman tentang ekonomi dalam perpektif global. Dari buku ini kita akan mengetahui secara mendalam peran Dana Moneter Internasional, Organisasi Perdagangan Dunia, dan Bank Dunia; peran permintaan dan penawaran membentuk pasar dunia; isu-isu besar tentang tarif/bea masuk dan perdagangan; pengaruh korporasi multinasional; nilai uang dan ratio pertukarannya; faktor utang dalam skala internasional; dan ancaman-ancaman pada ekonomi global seperti pembajakan, teror, atau pemanasan global. Jelas sudah buku ini akan mengantar kita pada konsep dasar ekonomi global, yang memengaruhi kehidupan kita dan dunia, dan sejumlah isu yang tampaknya begitu rumit seperti politik internasional, kegiatan ekonomi negara-negara yang baru tumbuh, dan banyak hal-hal lainnya yang aka memudahkan kita menarik kesimpulan-kesimpulan baru dari perkembangan perdagangan dunia.</subfield>
    </datafield>
    <datafield tag="856" ind1="#" ind2="#">
      <subfield code="a">Perpustakaan Lembaga Administrasi Negara</subfield>
    </datafield>
    <datafield tag="990" ind1="#" ind2="#">
      <subfield code="a">100112875</subfield>
    </datafield>
  </record>
</collection>
